000 01343nam a2200337 i 4500
003 DO-SdBNP
005 20250714142753.0
007 ta
008 250714b2024 dr ||||| |||| 00| 0 spa d
020 _a9789945510706
040 _aDO-SdBNP
_bspa
_cBNPHU
_erda
041 _aspa
082 4 _axxx
_bF316a
_222
100 _aDarío Féliz, Welnel,
_d1974-
_eautor
_4aut.
_945009
245 1 0 _aAnexión y restauración en el suroeste /
_cWelnel Darío Féliz ; corrección, María del Carmen Vicente, Apolinar Liz Rodríguez.
250 _aPrimera edición
264 4 _aSanto Domingo, República Dominicana :
_bEditora Nacional : Ministerio de Cultura de la República Dominicana,
_c©2024.
300 _a482 páginas ;
_c23 cm.
336 _atexto
_btxt
_2rdacontent
337 _asin mediación
_bn
_2rdamedia
338 _avolumen
_bnc
_2rdacarrier
500 _aIncluye datos biográficos del autor en las solapas.
500 _aJurado: Raymundo González, María Filomena González Canalda y José G. Guerrero
504 _aBibliografía: páginas 477-482
586 _aPremio Anual de Historia José Gabriel García, 2021
590 _aInventariado, 2025 /LP
700 1 _aVicente, María del Carmen
_ecorrector
_4co
_988352
700 1 _aRodríguez, Apolinar Liz
_ecorrector
_4co
_988353
910 _aLP
942 _2ddc
_cLBS1
999 _c59533
_d59533